[Event "CYCC U16"]
[Site "Sault Ste Marie CAN"]
[Date "2017.07.09"]
[Round "6.21"]
[White "Guan, Zi Yu"]
[Black "Zhao, Eric"]
[Result "1/2-1/2"]
[WhiteElo "1478"]
[BlackElo "928"]
[WhiteFideId "-1"]
[WhiteFideId "-1"]
[PlyCount "36"]
[GameId "2160767908410689"]
[EventDate "2017.07.06"]
[EventType "swiss"]
[EventRounds "7"]
[EventCountry "CAN"]
[SourceTitle "hb 2017"]

1. e4 c5 2. Nf3 Nc6 3. d4 cxd4 4. Nxd4 Nf6 5. Nc3 a6 6. Be3 d6 7. Be2 e5 8. Nb3 b5 9. O-O Bb7 10. f3 Be7 11. a3 O-O 12. Qd2 Re8 13. Rad1 Qc7 14. Kh1 Rac8 15. Rfe1 Red8 16. Nd5 Nxd5 17. exd5 Nb8 18. c3 Nd7 1/2-1/2

[Event "CYCC U16"]
[Site "Sault Ste Marie CAN"]
[Date "2017.07.09"]
[Round "6.22"]
[White "Java, Jose"]
[Black "Butchart, Brian"]
[Result "0-1"]
[WhiteElo "1005"]
[BlackElo "1248"]
[WhiteFideId "-1"]
[WhiteFideId "-1"]
[PlyCount "96"]
[GameId "2160767908410690"]
[EventDate "2017.07.06"]
[EventType "swiss"]
[EventRounds "7"]
[EventCountry "CAN"]
[SourceTitle "hb 2017"]

1. e4 c5 2. Nc3 d6 3. Nf3 Nf6 4. h3 a6 5. d4 cxd4 6. Nxd4 e5 7. Nf3 Be6 8. Bd3 Be7 9. O-O O-O 10. Ng5 Bd7 11. f4 h6 12. fxe5 dxe5 13. Nf3 Nc6 14. Be3 Nh7 15. Nd5 Be6 16. Nxe7+ Qxe7 17. a3 Rfd8 18. Qe2 Nf6 19. Bb6 Rdc8 20. b4 Nh5 21. Qf2 Nf4 22. Bc5 Qd7 23. Nxe5 Nxh3+ 24. gxh3 Nxe5 25. Be2 Qc6 26. Bd4 Ng6 27. Bg4 Qd7 28. Bxe6 Qxe6 29. h4 Qg4+ 30. Kh2 Qxh4+ 31. Qxh4 Nxh4 32. Kg3 Ng6 33. Rac1 Re8 34. Rfe1 Re6 35. c4 Rae8 36. e5 Nxe5 37. Bxe5 Rxe5 38. Rxe5 Rxe5 39. a4 Re3+ 40. Kf4 Ra3 41. a5 Rb3 42. b5 axb5 43. c5 Ra3 44. a6 Rxa6 45. Rb1 g5+ 46. Kg4 Ra4+ 47. Kh5 Kg7 48. Rxb5 Rh4# 0-1

[Event "CYCC U16"]
[Site "Sault Ste Marie CAN"]
[Date "2017.07.09"]
[Round "6.23"]
[White "Fox, Dylan"]
[Black "Larivee, Nathan"]
[Result "1-0"]
[WhiteElo "1270"]
[BlackElo "799"]
[WhiteFideId "-1"]
[WhiteFideId "-1"]
[PlyCount "125"]
[GameId "2160767908410691"]
[EventDate "2017.07.06"]
[EventType "swiss"]
[EventRounds "7"]
[EventCountry "CAN"]
[SourceTitle "hb 2017"]

1. e4 e5 2. Nf3 Nc6 3. Bc4 Nf6 4. Ng5 d5 5. exd5 Nxd5 6. Qf3 f6 7. Bxd5 Nd4 8. Qe4 fxg5 9. Qxe5+ Qe7 10. Qxe7+ Bxe7 11. Kd1 Bf5 12. d3 O-O-O 13. Nc3 Bb4 14. Be4 Bxe4 15. Nxe4 h6 16. c3 Bxc3 17. bxc3 Nb5 18. Kc2 Rd7 19. Rb1 a6 20. a4 Na7 21. Nc5 Rd5 22. d4 b6 23. Nxa6 Re8 24. Nb4 Re2+ 25. Kd3 Rxf2 26. Nxd5 Rxg2 27. Be3 Nc6 28. Rbf1 Na5 29. Rf2 Rxf2 30. Bxf2 Nb3 31. Ne7+ Kb7 32. Nf5 c6 33. Nxg7 b5 34. axb5 cxb5 35. Rb1 Na5 36. Rxb5+ Ka6 37. Re5 Nc6 38. Re6 Kb7 39. Rxh6 Ne7 40. Rh7 Kc6 41. Ne6 Kd6 42. Rxe7 Kxe7 43. Nxg5 Kf6 44. h4 Kg6 45. c4 Kf6 46. c5 Ke7 47. d5 Kd7 48. h5 Kc7 49. h6 Kb7 50. h7 Ka6 51. h8=Q Kb5 52. Qb8+ Ka4 53. Ne4 Ka5 54. Be1+ Ka6 55. Qd6+ Ka7 56. Kc4 Kb7 57. Kb5 Kc8 58. Qe7 Kb8 59. Nc3 Kc8 60. Na4 Kb8 61. Kb4 Kc8 62. Nb6+ Kb8 63. Bg3# 1-0

[Event "CYCC U16"]
[Site "Sault Ste Marie CAN"]
[Date "2017.07.10"]
[Round "7.14"]
[White "Chen, Richard"]
[Black "Xu, Jeffrey"]
[Result "1-0"]
[WhiteElo "2330"]
[BlackElo "2125"]
[WhiteFideId "-1"]
[WhiteFideId "-1"]
[PlyCount "65"]
[GameId "2160767908410692"]
[EventDate "2017.07.06"]
[EventType "swiss"]
[EventRounds "7"]
[EventCountry "CAN"]
[SourceTitle "hb 2017"]

1. e4 e6 2. d4 d5 3. Nd2 Nf6 4. e5 Nfd7 5. f4 c5 6. c3 Nc6 7. Ndf3 Qb6 8. g3 Be7 9. Kf2 a5 10. Kg2 a4 11. h4 Qa5 12. Ne2 Nb6 13. Rb1 cxd4 14. Nexd4 Nxd4 15. Nxd4 Bd7 16. Bd3 Nc4 17. Qe2 Bc5 18. Nf3 Qb6 19. Re1 Na5 20. Kh2 Nc6 21. b4 axb3 22. axb3 Qd8 23. b4 Bb6 24. Ng5 h5 25. f5 Qe7 26. Bf4 exf5 27. e6 fxe6 28. Bxf5 O-O-O 29. Nxe6 Rdf8 30. Ra1 Bc7 31. Ra8+ Bb8 32. Bxb8 Nxb8 33. Qe5 1-0

[Event "CYCC U16"]
[Site "Sault Ste Marie CAN"]
[Date "2017.07.10"]
[Round "7.15"]
[White "Liang, Hairan"]
[Black "Liu, Lambert"]
[Result "1-0"]
[WhiteElo "2186"]
[BlackElo "2188"]
[WhiteFideId "-1"]
[WhiteFideId "-1"]
[PlyCount "75"]
[GameId "2160767908410693"]
[EventDate "2017.07.06"]
[EventType "swiss"]
[EventRounds "7"]
[EventCountry "CAN"]
[SourceTitle "hb 2017"]

1. e4 c5 2. Nf3 g6 3. d4 cxd4 4. Nxd4 Nc6 5. c4 Nf6 6. Nc3 d6 7. Be2 Nxd4 8. Qxd4 Bg7 9. Be3 O-O 10. Qd2 Be6 11. Rc1 Qa5 12. f3 Rfc8 13. b3 a6 14. Na4 Qxd2+ 15. Kxd2 Nd7 16. g4 f5 17. gxf5 gxf5 18. Rhg1 Kh8 19. Nc3 fxe4 20. fxe4 Be5 21. Nd5 Bxd5 22. exd5 Rg8 23. h3 Rxg1 24. Rxg1 b5 25. b4 Nf6 26. Rc1 Kg7 27. Bf3 Bb2 28. Rg1+ Kf7 29. Kc2 Be5 30. cxb5 Rc8+ 31. Kb1 Rc4 32. bxa6 Rxb4+ 33. Kc2 Rb8 34. a7 Ra8 35. Rb1 Nd7 36. Rb7 Ke8 37. Bg4 Nc5 38. Rb8+ 1-0

[Event "CYCC U16"]
[Site "Sault Ste Marie CAN"]
[Date "2017.07.10"]
[Round "7.16"]
[White "Wang, Jeff"]
[Black "Doknjas, Joshua"]
[Result "0-1"]
[WhiteElo "1939"]
[BlackElo "2197"]
[WhiteFideId "-1"]
[WhiteFideId "-1"]
[PlyCount "168"]
[GameId "2160767908410695"]
[EventDate "2017.07.06"]
[EventType "swiss"]
[EventRounds "7"]
[EventCountry "CAN"]
[SourceTitle "hb 2017"]

1. d4 d5 2. Nf3 Nf6 3. g3 Bf5 4. Bg2 e6 5. c4 c6 6. O-O h6 7. Nc3 Nbd7 8. Nd2 Be7 9. e4 dxe4 10. Ndxe4 O-O 11. Qb3 Qb6 12. Qxb6 Nxb6 13. b3 Rad8 14. Be3 Ng4 15. Rad1 Nxe3 16. fxe3 Bb4 17. Ne2 Nd7 18. h3 Bh7 19. N4c3 Nf6 20. e4 e5 21. d5 a6 22. Rc1 c5 23. g4 Ne8 24. Ng3 g6 25. h4 Kg7 26. h5 Nf6 27. Bf3 Rd6 28. Rc2 Nd7 29. Nd1 Ba5 30. Rg2 Bd8 31. Kf2 Bg5 32. Ke2 b5 33. Nb2 Nb6 34. Kd3 Rf6 35. Rc2 b4 36. Rg2 a5 37. Na4 Nxa4 38. bxa4 Rb8 39. Kc2 Bh4 40. Kb3 Bxg3 41. Rxg3 g5 42. Re1 Rbb6 43. Re3 Rf4 44. Kc2 Kf8 45. Kd2 Ke7 46. Kc2 Kd7 47. Kd2 Kc7 48. Kc2 Rd6 49. Kd2 Rdf6 50. Kd3 Kd6 51. Ke2 Ke7 52. Kd3 Rd6 53. Kd2 f6 54. Kc2 Bg8 55. Kb3 Bf7 56. Rg2 Be8 57. Rge2 Rb6 58. Rg2 Bd7 59. Rg3 Rd6 60. Rg2 Bc8 61. Be2 Ba6 62. Bd3 Rd8 63. Be2 Kd6 64. Rgg3 Rf8 65. Rg2 Rf7 66. Bd3 Bb7 67. Be2 Bc8 68. Bf3 Bd7 69. Rg3 Re7 70. Be2 Re8 71. Rg2 Kc7 72. Bf3 Rf8 73. Rg3 Bc8 74. Be2 Rf2 75. Bd3 Bd7 76. Be2 Kd6 77. Rg1 Rf7 78. Rgg3 Rh2 79. Bf3 Rd2 80. Rg1 Rf8 81. Rd1 Rf2 82. Rg1 Rb8 83. Rd1 Bxa4+ 84. Kxa4 Rxa2+ 0-1

[Event "CYCC U16"]
[Site "Sault Ste Marie CAN"]
[Date "2017.07.10"]
[Round "7.17"]
[White "Li, Eric M"]
[Black "Wu, Chenxi"]
[Result "1-0"]
[WhiteElo "1992"]
[BlackElo "1904"]
[WhiteFideId "-1"]
[WhiteFideId "-1"]
[PlyCount "47"]
[GameId "2160767908410696"]
[EventDate "2017.07.06"]
[EventType "swiss"]
[EventRounds "7"]
[EventCountry "CAN"]
[SourceTitle "hb 2017"]

1. d4 Nf6 2. Nf3 e6 3. Bf4 b6 4. e3 Bb7 5. Bd3 Be7 6. h3 O-O 7. O-O c5 8. c3 cxd4 9. exd4 d6 10. Nbd2 Nc6 11. Qe2 Re8 12. Rfe1 Nd5 13. Bg3 Bf6 14. Nc4 e5 15. Qe4 Qb8 16. Qxh7+ Kf8 17. dxe5 dxe5 18. Qh8+ Ke7 19. Qh5 Rh8 20. Qf5 Kf8 21. Nfxe5 Nxe5 22. Nxe5 Bxe5 23. Rxe5 Qd8 24. Be4 1-0

[Event "CYCC U16"]
[Site "Sault Ste Marie CAN"]
[Date "2017.07.10"]
[Round "7.18"]
[White "Saine, Zachary"]
[Black "Bremner, William"]
[Result "1/2-1/2"]
[WhiteElo "1966"]
[BlackElo "1104"]
[WhiteFideId "-1"]
[WhiteFideId "-1"]
[PlyCount "100"]
[GameId "2160767908410697"]
[EventDate "2017.07.06"]
[EventType "swiss"]
[EventRounds "7"]
[EventCountry "CAN"]
[SourceTitle "hb 2017"]

1. e4 c6 2. c4 d5 3. cxd5 cxd5 4. exd5 Nf6 5. d4 Nxd5 6. Nc3 e6 7. Nf3 Be7 8. g3 b6 9. Bg2 Bb7 10. O-O O-O 11. Re1 Nd7 12. Be3 N7f6 13. Rc1 Rc8 14. Ne5 Nxc3 15. Rxc3 Bxg2 16. Rxc8 Qxc8 17. Kxg2 Bd6 18. Qa4 Qa8+ 19. Kg1 Bxe5 20. dxe5 Nd5 21. Bd2 Rc8 22. Rc1 Rxc1+ 23. Bxc1 Qc8 24. Bd2 a5 25. b4 axb4 26. Bxb4 Nxb4 27. Qxb4 Qc1+ 28. Kg2 Qc6+ 29. Kh3 g6 30. Qe7 Qd5 31. f4 Qxa2 32. Qd8+ Kg7 33. Qxb6 h5 34. Qd8 Qe2 35. Qf6+ Kg8 36. Qg5 Qf1+ 37. Kh4 Qg2 38. Qd8+ Kh7 39. h3 Kg7 40. Qf6+ Kg8 41. Kg5 Qa8 42. g4 hxg4 43. hxg4 Qf8 44. Kh4 Qh6+ 45. Kg3 Qh1 46. g5 Qe1+ 47. Kf3 Qd1+ 48. Ke4 Qd5+ 49. Ke3 Qd7 50. Ke2 Kh7 1/2-1/2

[Event "CYCC U16"]
[Site "Sault Ste Marie CAN"]
[Date "2017.07.10"]
[Round "7.19"]
[White "Rashid, Kaden"]
[Black "Horner, Blake"]
[Result "0-1"]
[WhiteElo "987"]
[BlackElo "1161"]
[WhiteFideId "-1"]
[WhiteFideId "-1"]
[PlyCount "62"]
[GameId "2160767908410698"]
[EventDate "2017.07.06"]
[EventType "swiss"]
[EventRounds "7"]
[EventCountry "CAN"]
[SourceTitle "hb 2017"]

1. e4 c5 2. Nf3 d6 3. d4 cxd4 4. Nxd4 Nf6 5. Nc3 g6 6. Be3 Bg7 7. f3 O-O 8. g4 Nc6 9. Qd2 a5 10. h4 h5 11. g5 Nd7 12. O-O-O Nde5 13. f4 Nxd4 14. fxe5 Nf3 15. Qg2 Nxe5 16. Bd4 Bg4 17. Be2 Bxe2 18. Qxe2 Ng4 19. Bxg7 Kxg7 20. Rdg1 Ne5 21. Nd5 Rc8 22. Nf4 Rh8 23. Rh3 Nc4 24. Rc3 Qb6 25. Rxc4 Qxg1+ 26. Kd2 Rxc4 27. Qxc4 Qh2+ 28. Ne2 Qxh4 29. Qc3+ Kh7 30. Qxa5 Qxe4 31. Qc7 Qd5+ 0-1

[Event "CYCC U16"]
[Site "Sault Ste Marie CAN"]
[Date "2017.07.10"]
[Round "7.20"]
[White "Guan, Zi Yu"]
[Black "Zhou, Joey"]
[Result "1/2-1/2"]
[WhiteElo "1478"]
[BlackElo "1563"]
[WhiteFideId "-1"]
[WhiteFideId "-1"]
[PlyCount "81"]
[GameId "2160767908410699"]
[EventDate "2017.07.06"]
[EventType "swiss"]
[EventRounds "7"]
[EventCountry "CAN"]
[SourceTitle "hb 2017"]

1. e4 c6 2. d4 d5 3. exd5 cxd5 4. c4 Nf6 5. Nc3 e6 6. Nf3 Nc6 7. a3 Be7 8. Be2 O-O 9. O-O dxc4 10. Bxc4 a6 11. b4 b5 12. Bb3 Qc7 13. Qe2 Rd8 14. Be3 Bb7 15. Rad1 Rac8 16. Qb2 Nxb4 17. Nxb5 axb5 18. axb4 Ng4 19. Ne5 Nxe5 20. dxe5 Bxb4 21. Rxd8+ Qxd8 22. Bxe6 Bc3 23. Qxb5 Bc6 24. Qc4 fxe6 25. Qxc3 Bxg2 26. Qxc8 Qxc8 27. Kxg2 Kf7 28. f4 Kg6 29. Kg3 Kf5 30. Rf3 Qc2 31. h3 Qe2 32. Bf2 Qb5 33. h4 Qe8 34. Kh3 Qf7 35. Bg3 Qh5 36. Rf2 Qg4+ 37. Kh2 Qd1 38. Kh3 Qh1+ 39. Rh2 Qf1+ 40. Rg2 h6 41. Kh2 1/2-1/2

[Event "CYCC U16"]
[Site "Sault Ste Marie CAN"]
[Date "2017.07.10"]
[Round "7.21"]
[White "Zhao, Eric"]
[Black "Chertkow, Matthew"]
[Result "1/2-1/2"]
[WhiteElo "928"]
[BlackElo "1448"]
[WhiteFideId "-1"]
[WhiteFideId "-1"]
[PlyCount "62"]
[GameId "2160767908410700"]
[EventDate "2017.07.06"]
[EventType "swiss"]
[EventRounds "7"]
[EventCountry "CAN"]
[SourceTitle "hb 2017"]

1. e4 c5 2. Nf3 d6 3. d4 cxd4 4. Nxd4 Nf6 5. Nc3 g6 6. Bc4 Bg7 7. Be3 O-O 8. O-O Nc6 9. Qd2 Bd7 10. Bh6 Rc8 11. Bxg7 Kxg7 12. Rfd1 Qb6 13. Nb3 Rfd8 14. Nd5 Nxd5 15. Qxd5 Be6 16. Qd3 Nb4 17. Qc3+ Kg8 18. Rd4 d5 19. exd5 Bxd5 20. a3 e5 21. Rh4 Nc6 22. Qh3 Bxc4 23. Rxh7 Kf8 24. Rh8+ Ke7 25. Rxd8 Kxd8 26. Qh4+ Kc7 27. Qxc4 Rf8 28. Rb1 Kb8 29. Rd1 Rd8 30. Rxd8+ Qxd8 31. h3 f5 1/2-1/2

[Event "CYCC U16"]
[Site "Sault Ste Marie CAN"]
[Date "2017.07.10"]
[Round "7.22"]
[White "Butchart, Brian"]
[Black "Fox, Dylan"]
[Result "0-1"]
[WhiteElo "1248"]
[BlackElo "1270"]
[WhiteFideId "-1"]
[WhiteFideId "-1"]
[PlyCount "60"]
[GameId "2160767908410701"]
[EventDate "2017.07.06"]
[EventType "swiss"]
[EventRounds "7"]
[EventCountry "CAN"]
[SourceTitle "hb 2017"]

1. e4 c5 2. Nc3 Nc6 3. g3 g6 4. Bg2 Bg7 5. Nge2 Nf6 6. d3 e6 7. O-O d5 8. f4 Qd7 9. h3 d4 10. e5 dxc3 11. exf6 Bxf6 12. bxc3 b6 13. Be3 Bb7 14. Qd2 O-O-O 15. Rfd1 Ne7 16. Bxb7+ Qxb7 17. Rab1 Nd5 18. Bxc5 Rhe8 19. Bf2 e5 20. c4 Ne7 21. c5 exf4 22. cxb6 fxg3 23. Nxg3 a6 24. Rb4 Nf5 25. Rc4+ Kb8 26. Nxf5 gxf5 27. Bg3+ Be5 28. Bxe5+ Rxe5 29. Qf4 Rg8+ 30. Kf2 Qg2# 0-1

[Event "CYCC U16U18 w"]
[Site "Sault Ste Marie CAN"]
[Date "2017.07.06"]
[Round "1.24"]
[White "Botez, Andrea"]
[Black "Eirew, Pepi"]
[Result "1-0"]
[WhiteElo "1887"]
[BlackElo "1078"]
[WhiteFideId "-1"]
[WhiteFideId "-1"]
[PlyCount "69"]
[GameId "2160767908410702"]
[EventDate "2017.07.06"]
[EventType "swiss"]
[EventRounds "7"]
[EventCountry "CAN"]
[SourceTitle "hb 2017"]

1. d4 e6 2. Bf4 d5 3. e3 Bd7 4. Nf3 c5 5. c3 Nc6 6. Nbd2 c4 7. e4 Nge7 8. Bg3 g6 9. Ne5 Bg7 10. Nxd7 Qxd7 11. Be2 O-O 12. a4 a6 13. a5 Rac8 14. O-O Qd8 15. Qa4 b6 16. axb6 Qxb6 17. Rfb1 Ra8 18. Bd6 Qb5 19. Qa3 Rfe8 20. b3 dxe4 21. Bxc4 Qf5 22. Re1 Nxd4 23. cxd4 Bxd4 24. Nxe4 Bxa1 25. Qxa1 e5 26. Bxe5 Red8 27. Bh8 Kf8 28. Qg7+ Ke8 29. Nf6+ Qxf6 30. Qxf6 Ra7 31. Bxf7+ Kd7 32. Qxe7+ Kc8 33. Rc1+ Kb8 34. Qxd8+ Kb7 35. Bd5# 1-0

[Event "CYCC U16U18 w"]
[Site "Sault Ste Marie CAN"]
[Date "2017.07.06"]
[Round "1.25"]
[White "Belanger, Mackenzie"]
[Black "Tao, Rachel"]
[Result "0-1"]
[WhiteElo "643"]
[BlackElo "1682"]
[WhiteFideId "-1"]
[WhiteFideId "-1"]
[PlyCount "64"]
[GameId "2160767908410703"]
[EventDate "2017.07.06"]
[EventType "swiss"]
[EventRounds "7"]
[EventCountry "CAN"]
[SourceTitle "EXT 2022"]
[Source "ChessBase"]
[SourceDate "2021.10.06"]
[SourceVersion "1"]
[SourceVersionDate "2021.10.06"]
[SourceQuality "1"]

1. e4 c5 2. Qf3 e6 3. h4 Nc6 4. Qd1 Nf6 5. Nh3 Nxe4 6. d3 Nf6 7. Bg5 Be7 8. c3 h6 9. Bxf6 Bxf6 10. Na3 O-O 11. d4 cxd4 12. Bd3 dxc3 13. bxc3 Bxc3+ 14. Ke2 Bxa1 15. Qxa1 Qe7 16. Nc4 d5 17. Ne3 b6 18. Nf4 Bb7 19. Nh5 f6 20. Qb1 f5 21. Rh3 Qf7 22. g4 Ne5 23. Bxf5 d4 24. Qb2 dxe3 25. Qxe5 exf5 26. gxf5 Qxh5+ 27. Kxe3 Rae8 28. Qxe8 Rxe8+ 29. Kf4 Re4+ 30. Kg3 Rg4+ 31. Kh2 Rg2+ 32. Kh1 Qd1# 0-1

[Event "CYCC U16U18 w"]
[Site "Sault Ste Marie CAN"]
[Date "2017.07.06"]
[Round "2.24"]
[White "Tao, Ellen"]
[Black "Botez, Andrea"]
[Result "1-0"]
[WhiteElo "1490"]
[BlackElo "1887"]
[WhiteFideId "-1"]
[WhiteFideId "-1"]
[PlyCount "79"]
[GameId "2160767908410707"]
[EventDate "2017.07.06"]
[EventType "swiss"]
[EventRounds "7"]
[EventCountry "CAN"]
[SourceTitle "hb 2017"]

1. e4 d6 2. d4 g6 3. Nd2 Bg7 4. Ngf3 e5 5. c3 Nc6 6. d5 Nce7 7. c4 a5 8. Qc2 f5 9. Bd3 Nf6 10. b3 O-O 11. Bb2 Bd7 12. a4 Bh6 13. h3 Rc8 14. Ba3 Nh5 15. g3 Nf6 16. Qb2 fxe4 17. Nxe4 Nfxd5 18. Nxe5 Bg7 19. Qa2 Bxe5 20. cxd5 Bxa1 21. Qxa1 Nf5 22. Bb2 Rf7 23. O-O Ng7 24. Nf6+ Kh8 25. Re1 c6 26. Re4 g5 27. Re1 Qb6 28. Bxh7 Bxh3 29. Bg6 Rff8 30. Re3 Rxf6 31. Bxf6 Kg8 32. Bxg7 cxd5 33. Bd4 Qc6 34. Rc3 Qd7 35. Rxc8+ Qxc8 36. Qe1 Be6 37. Qd1 g4 38. Qd2 Kf8 39. Qh6+ Ke7 40. Qg7+ 1-0

[Event "CYCC U16U18 w"]
[Site "Sault Ste Marie CAN"]
[Date "2017.07.06"]
[Round "2.25"]
[White "Tao, Rachel"]
[Black "Pobereshnikova, Agniya"]
[Result "1/2-1/2"]
[WhiteElo "1682"]
[BlackElo "1579"]
[WhiteFideId "-1"]
[WhiteFideId "-1"]
[PlyCount "89"]
[GameId "2160767908410708"]
[EventDate "2017.07.06"]
[EventType "swiss"]
[EventRounds "7"]
[EventCountry "CAN"]
[SourceTitle "EXT 2022"]
[Source "ChessBase"]
[SourceDate "2021.10.06"]
[SourceVersion "1"]
[SourceVersionDate "2021.10.06"]
[SourceQuality "1"]

1. e4 c5 2. Nf3 e6 3. c4 Nc6 4. a3 Nf6 5. Nc3 g6 6. d4 cxd4 7. Nxd4 Bg7 8. Be3 O-O 9. Be2 b6 10. O-O Bb7 11. f3 Rc8 12. Rc1 Ne7 13. e5 Ne8 14. f4 d6 15. Ndb5 Nf5 16. Bf2 a6 17. exd6 Nexd6 18. Nxd6 Nxd6 19. Qb3 Ba8 20. Bxb6 Qd7 21. Be3 Qc6 22. Bf3 Qxc4 23. Qd1 Nf5 24. Bf2 Rfd8 25. Qe2 Bxf3 26. Qxf3 Rd2 27. Ne2 Rc2 28. Rxc2 Qxc2 29. Rc1 Qxc1+ 30. Nxc1 Rxc1+ 31. Be1 Rxe1+ 32. Kf2 Rb1 33. Qa8+ Bf8 34. b4 Rb2+ 35. Kf1 Ne3+ 36. Kg1 Kg7 37. Qa7 Nc2 38. Qxa6 Rb3 39. Qc4 Rb1+ 40. Kf2 Nxa3 41. Qc3+ Kg8 42. Qxa3 Rxb4 43. Qc1 h5 44. g3 Rb8 45. Qc2 1/2-1/2

[Event "CYCC U16U18 w"]
[Site "Sault Ste Marie CAN"]
[Date "2017.07.06"]
[Round "2.26"]
[White "Eirew, Pepi"]
[Black "Borysenko, Khrystyna"]
[Result "0-1"]
[WhiteElo "1078"]
[BlackElo "1437"]
[WhiteFideId "-1"]
[WhiteFideId "-1"]
[PlyCount "148"]
[GameId "2160767908410709"]
[EventDate "2017.07.06"]
[EventType "swiss"]
[EventRounds "7"]
[EventCountry "CAN"]
[SourceTitle "hb 2017"]

1. d4 Nf6 2. Nf3 e6 3. Bf4 d5 4. e3 Be7 5. Bd3 O-O 6. Nbd2 c5 7. c3 Nc6 8. Qc2 h6 9. h3 Bd7 10. g4 c4 11. Be2 Nh7 12. h4 e5 13. Nxe5 Nxe5 14. Bxe5 Bxh4 15. Rh2 Bf6 16. Bxf6 Qxf6 17. O-O-O Qa6 18. Qb1 f5 19. Rg1 fxg4 20. Bxg4 Bxg4 21. Rxg4 Rf7 22. Rg6 Rf6 23. Rg1 Raf8 24. Rhg2 g5 25. f4 Qe6 26. Rg3 Qf5 27. Qxf5 Rxf5 28. Nf3 Kh8 29. Ne5 Kg7 30. Nd7 R8f7 31. Nc5 Re7 32. fxg5 Nxg5 33. b3 b6 34. Na4 cxb3 35. axb3 Rf2 36. c4 dxc4 37. bxc4 Re2 38. d5 R7xe3 39. Rxe3 Rxe3 40. Rd1 Ra3 41. Nb2 Ra1+ 42. Kc2 Rxd1 43. Nxd1 Kf6 44. Kb3 a6 45. Ne3 h5 46. Kb4 Ne4 47. Ng2 Nc5 48. Nf4 h4 49. d6 Nd7 50. Kc3 Kf5 51. Nh3 Kg4 52. Nf2+ Kf3 53. Nh3 Kg3 54. Ng5 h3 55. Nxh3 Kxh3 56. Kd4 Kg4 57. Kd5 Kf5 58. Kd4 Ke6 59. Kc3 Kxd6 60. Kb4 Nc5 61. Kc3 Ke5 62. Kb4 Kd4 63. Ka3 Kxc4 64. Ka2 b5 65. Kb2 a5 66. Ka2 b4 67. Kb2 a4 68. Ka2 a3 69. Kb1 b3 70. Ka1 Kc3 71. Kb1 Nd3 72. Ka1 Nb4 73. Kb1 a2+ 74. Ka1 Nc2# 0-1

[Event "CYCC U16U18 w"]
[Site "Sault Ste Marie CAN"]
[Date "2017.07.07"]
[Round "3.24"]
[White "Borysenko, Khrystyna"]
[Black "Tao, Ellen"]
[Result "1-0"]
[WhiteElo "1437"]
[BlackElo "1490"]
[WhiteFideId "-1"]
[WhiteFideId "-1"]
[PlyCount "109"]
[GameId "2160767908410711"]
[EventDate "2017.07.06"]
[EventType "swiss"]
[EventRounds "7"]
[EventCountry "CAN"]
[SourceTitle "hb 2017"]

1. c4 e5 2. Nc3 Nc6 3. g3 f5 4. e3 Nf6 5. Bg2 d6 6. d3 Be7 7. Nge2 O-O 8. a3 a6 9. b4 Qd7 10. Bb2 Nd8 11. Qc2 c6 12. O-O Rb8 13. d4 e4 14. f3 d5 15. cxd5 cxd5 16. Qb3 Kh8 17. Qa2 Ne6 18. Rfc1 b5 19. Rc2 Bb7 20. Rac1 Rbc8 21. Nb1 Rxc2 22. Rxc2 Rc8 23. Nec3 Ng5 24. f4 Nf7 25. h3 Nd6 26. Bf1 Nc4 27. Bxc4 dxc4 28. Bc1 Qd6 29. Rg2 Qb6 30. g4 fxg4 31. hxg4 Nd5 32. Qc2 Qc6 33. Nd2 Nf6 34. g5 Nd5 35. Ndxe4 Nxc3 36. Nxc3 Qxg2+ 37. Qxg2 Bxg2 38. Kxg2 g6 39. e4 Kg7 40. Bd2 Kf7 41. e5 Ke6 42. d5+ Kf5 43. d6 Bd8 44. Kf3 Rb8 45. Ne2 Ke6 46. Ke4 Bb6 47. Bc3 Rc8 48. Bd4 Bxd4 49. Nxd4+ Kd7 50. Kd5 Rf8 51. e6+ Kc8 52. d7+ Kc7 53. e7 Rf5+ 54. Ke6 Rxf4 55. d8=Q+ 1-0

[Event "CYCC U16U18 w"]
[Site "Sault Ste Marie CAN"]
[Date "2017.07.07"]
[Round "3.26"]
[White "Botez, Andrea"]
[Black "Tao, Rachel"]
[Result "1-0"]
[WhiteElo "1887"]
[BlackElo "1682"]
[WhiteFideId "-1"]
[WhiteFideId "-1"]
[PlyCount "103"]
[GameId "2160767908410713"]
[EventDate "2017.07.06"]
[EventType "swiss"]
[EventRounds "7"]
[EventCountry "CAN"]
[SourceTitle "EXT 2022"]
[Source "ChessBase"]
[SourceDate "2021.10.06"]
[SourceVersion "1"]
[SourceVersionDate "2021.10.06"]
[SourceQuality "1"]

1. d4 Nf6 2. Bg5 Ne4 3. Bf4 Nf6 4. c4 d5 5. Nc3 c6 6. e3 g6 7. Qb3 e6 8. Nf3 Bg7 9. c5 O-O 10. Bd6 Re8 11. Ne5 Nfd7 12. Nf3 e5 13. O-O-O e4 14. Ng1 Qf6 15. Qc2 b6 16. Na4 Na6 17. a3 Bb7 18. h4 Rec8 19. g3 b5 20. Nc3 Nc7 21. Bh3 Ne6 22. Bxe6 fxe6 23. Nh3 e5 24. Ne2 exd4 25. Nxd4 Ne5 26. Nf4 Re8 27. Bc7 a5 28. Qc3 a4 29. Bxe5 Qxe5 30. g4 Qf6 31. g5 Qe7 32. h5 Kf7 33. hxg6+ hxg6 34. Rh7 Qe5 35. Rdh1 Rh8 36. Qe1 Rxh7 37. Rxh7 Rg8 38. Qh1 Bc8 39. Nxg6 Qxg5 40. Nf4 Bd7 41. f3 Qe5 42. Qh6 Qf6 43. Qh5+ Ke7 44. fxe4 dxe4 45. Qh1 Bf5 46. Rh5 Bg6 47. Nxg6+ Qxg6 48. Qh4+ Kd7 49. Rg5 Qf6 50. Qg4+ Ke7 51. Qxe4+ Kd7 52. Rg6 1-0

[Event "CYCC U16U18 w"]
[Site "Sault Ste Marie CAN"]
[Date "2017.07.07"]
[Round "4.24"]
[White "Botez, Andrea"]
[Black "Borysenko, Khrystyna"]
[Result "1-0"]
[WhiteElo "1887"]
[BlackElo "1437"]
[WhiteFideId "-1"]
[WhiteFideId "-1"]
[PlyCount "117"]
[GameId "2160767908410716"]
[EventDate "2017.07.06"]
[EventType "swiss"]
[EventRounds "7"]
[EventCountry "CAN"]
[SourceTitle "hb 2017"]

1. d4 d5 2. Bf4 Nf6 3. e3 e6 4. Nf3 c5 5. c3 Nbd7 6. h3 Ne4 7. a4 cxd4 8. exd4 Bd6 9. Bxd6 Nxd6 10. Nbd2 Qc7 11. Bd3 b6 12. O-O O-O 13. Qe2 Bb7 14. Rfe1 Rfd8 15. Ne5 Nf6 16. Nf1 Qe7 17. Qc2 Rac8 18. Re3 Nde4 19. Ng3 Nxg3 20. Rxg3 h6 21. Qd2 Kf8 22. Qf4 g5 23. Qf3 Kg7 24. h4 Ne4 25. Bxe4 dxe4 26. Qh5 f6 27. Qg6+ Kf8 28. Ng4 Qg7 29. Qxf6+ Qxf6 30. Nxf6 Kf7 31. hxg5 hxg5 32. Ng4 Kg6 33. Ne5+ Kf5 34. Nf7 Rd7 35. Nxg5 Rg7 36. Nxe4 Rxg3 37. Nxg3+ Kf4 38. Re1 Bd5 39. Re5 Rc4 40. Kh2 Rxa4 41. f3 Bxf3 42. gxf3 Ra2 43. Re2 Kxf3 44. Rc2 a5 45. Nf1 a4 46. Kg1 a3 47. Rf2+ Ke4 48. bxa3 Rxa3 49. Re2+ Kd3 50. Re3+ Kc2 51. Rxe6 b5 52. Rc6 Rxc3 53. Ne3+ Kd3 54. Rxc3+ Kxc3 55. d5 b4 56. d6 b3 57. d7 b2 58. Nd1+ Kc2 59. Nxb2 1-0

[Event "CYCC U16U18 w"]
[Site "Sault Ste Marie CAN"]
[Date "2017.07.07"]
[Round "4.27"]
[White "Eirew, Pepi"]
[Black "Pobereshnikova, Agniya"]
[Result "0-1"]
[WhiteElo "1078"]
[BlackElo "1579"]
[WhiteFideId "-1"]
[WhiteFideId "-1"]
[PlyCount "68"]
[GameId "2160767908410719"]
[EventDate "2017.07.06"]
[EventType "swiss"]
[EventRounds "7"]
[EventCountry "CAN"]
[SourceTitle "hb 2017"]

1. d4 Nf6 2. Bf4 c5 3. e3 Nc6 4. c3 e6 5. Bd3 b6 6. Nd2 Bb7 7. Ngf3 Be7 8. Qc2 d5 9. Ne5 c4 10. Be2 O-O 11. g4 Nd7 12. Nxd7 Qxd7 13. h4 f6 14. O-O-O e5 15. Bg3 Bd6 16. Rdf1 Rae8 17. Kd1 Qe7 18. g5 Qe6 19. Qa4 a6 20. Re1 Ne7 21. gxf6 Qxf6 22. Reg1 Nf5 23. h5 Nxg3 24. fxg3 Qh6 25. Nf1 exd4 26. cxd4 Be7 27. Qd7 Bc6 28. Qa7 a5 29. g4 Bg5 30. b3 Bxe3 31. Nxe3 Qxe3 32. Re1 c3 33. Kc2 Qd2+ 34. Kb1 Qb2# 0-1